| 000 | 00000nam##2200000za#4500 |
| 001 | 9.691006 |
| 003 | CaOODSP |
| 005 | 20220125145842 |
| 007 | cr ||||||||||| |
| 008 | 150407|2008||||xxc|||||o f|0| 0 eng|d |
| 020 | |a978-0-662-48660-2 |
| 040 | |aCaOODSP|beng |
| 043 | |an-cn--- |
| 086 | 1 |aD2-225/2008E-PDF |
| 110 | 1 |aCanada. |bDepartment of National Defence. |
| 245 | 10|aCommand and control of Canadian aerospace forces : |h[electronic resource]|bconceptual foundations / |c[by] Allan English. |
| 260 | |aOttawa - Ontario : |bNational Defence |cc2008. |
| 300 | |a130p.|bgraphs, map, maps, organization chart, references, photographs |
| 590 | |a09-39|b2009-09-25 |
| 690 | 07|aMilitary command|2gcpds |
| 720 | 1 |aEnglish, Allan |
| 856 | 40|ahttp://publications.gc.ca|qPDF|s5720 KB|uhttps://publications.gc.ca/collections/collection_2009/forces/D2-225-2008E.pdf |